000 00751cam a22001934a 4500
005 20250605164206.0
008 250528s ||||||||||||||||||||||||d
035 _a20068
020 _a3452185850
040 _aGR-AtMCL
_bgre
_dGR-AtMCL
_eAACR2
245 1 _aDie Internationale Schiedsgerichtsbarkeit in der Schweiz / Schriftenreihe des Deutschen Instituts fur Schiedsgerichtswesen Band 1
260 _bCarl Heymanns Verlag Kg,
_c1979
300 _a162
520 _aVorwort des Herausgebers, Allgemeine Einfuhrung in die Schiedsgerichtsbarkeit der Schweiz, Die Internationale Schiedsgerichtsbarkeit und die schweizerische Rechtsordnung.
710 2 _aBeitragen von Mit
_99777
942 _cBK
999 _c5216
_d5216